PROFESSIONAL ETHICS FOR LAWYWERS (Record no. 216397)

MARC details
000 -LEADER
fixed length control field 00518nam a22001697a 4500
008 - FIXED-LENGTH DATA ELEMENTS--GENERAL INFORMATION
fixed length control field 260105b |||||||| |||| 00| 0 eng d
020 ## - INTERNATIONAL STANDARD BOOK NUMBER
International Standard Book Number 978-93-5143-136-7
100 ## - MAIN ENTRY--PERSONAL NAME
Personal name RAMACHANDRAN, RAJU
245 ## - TITLE STATEMENT
Title PROFESSIONAL ETHICS FOR LAWYWERS
Remainder of title CHANGING PROFESSION CHANGING ETHICS
250 ## - EDITION STATEMENT
Edition statement 2ND ED
260 ## - PUBLICATION, DISTRIBUTION, ETC.
Place of publication, distribution, etc. HARYANA, INDIA
Name of publisher, distributor, etc. LEXISNEXIS
Date of publication, distribution, etc. 2014
300 ## - PHYSICAL DESCRIPTION
Extent XXII,170P.
500 ## - GENERAL NOTE
General note INCLUDES REFERENCES
650 ## - SUBJECT ADDED ENTRY
Topical term or geographic name entry element 1. LEGAL ETHICS 2. LAWYERS - PROFESSIONAL ETHICS
942 ## - ADDED ENTRY ELEMENTS (KOHA)
Source of classification or shelving scheme Library of Congress Classification
Koha item type Long Loan Book
Holdings
Withdrawn status Lost status Source of classification or shelving scheme Damaged status Not for loan Collection Home library Current library Shelving location Date acquired Inventory number Total checkouts Full call number Barcode Date last seen Copy number Price effective from Koha item type
    Library of Congress Classification     Law Kisii University Library Kisii University Library On Display 01/05/2026 110666   KNC 320 .R36 2014 000000017526 01/05/2026 C.1 01/05/2026 Long Loan Book
    Library of Congress Classification     Law Kisii University Library Kisii University Library On Display 01/05/2026 110667   KNC 320 .R36 2014 000000017525 01/05/2026 C.2 01/05/2026 Long Loan Book
    Library of Congress Classification     Law Kisii University Library Kisii University Library On Display 01/05/2026 110668   KNC 320 .R36 2014 000000017524 01/05/2026 C.3 01/05/2026 Long Loan Book
    Library of Congress Classification     Law Kisii University Library Kisii University Library On Display 01/05/2026 110669   KNC 320 .R36 2014 000000017523 01/05/2026 C.4 01/05/2026 Long Loan Book